Jazyková politika v procese európskej integrácie

Spoločný jazyk ako základ integrovanej spoločnosti. Súčasný stav európskej jazykovej politiky. Hlavné body súčasnej jazykovej politiky Európskej únie. Dominantný vplyv angličtiny. Podpora kultúrnej a jazykovej rozmanitosti v Európskej únii.

Guardado en:
Detalles Bibliográficos
Autor principal: Barac, Ľudovít
Formato: Capítulo de libro
Lenguaje:eslovaco
Materias:
Etiquetas: Agregar Etiqueta
Sin Etiquetas, Sea el primero en etiquetar este registro!

MARC

LEADER 00000nla a2200000 4500
001 0200509
005 20240502073405.9
041 0 |a slo 
044 |a SK 
245 1 0 |a Jazyková politika v procese európskej integrácie  |c Ľudovít Barac 
520 |a Spoločný jazyk ako základ integrovanej spoločnosti. Súčasný stav európskej jazykovej politiky. Hlavné body súčasnej jazykovej politiky Európskej únie. Dominantný vplyv angličtiny. Podpora kultúrnej a jazykovej rozmanitosti v Európskej únii. 
610 2 0 |a jazyky cudzie 
610 2 0 |a angličtina 
610 2 0 |a kultúra 
610 2 0 |a spoločnosť 
610 2 0 |a integrácia 
610 2 0 |a politika 
610 2 0 |a Európska únia 
100 1 |a Barac, Ľudovít